Team development for high tech project managers / (Record no. 346240)

000 -LEADER
fixed length control field 01637 a2200193 4500
020 ## - INTERNATIONAL STANDARD BOOK NUMBER
International Standard Book Number 1580531342
020 ## - INTERNATIONAL STANDARD BOOK NUMBER
International Standard Book Number 9781580531344
082 04 - DEWEY DECIMAL CLASSIFICATION NUMBER
Classification number 658.402
090 ## - LOCALLY ASSIGNED LC-TYPE CALL NUMBER (OCLC); LOCAL CALL NUMBER (RLIN)
-- 3775
-- 3775
100 1# - MAIN ENTRY--PERSONAL NAME
Personal name Williams, James.
245 10 - TITLE STATEMENT
Title Team development for high tech project managers /
Statement of responsibility, etc. James Williams.
260 ## - PUBLICATION, DISTRIBUTION, ETC.
Place of publication, distribution, etc. [S.l.] :
Name of publisher, distributor, etc. Artech House Publishers,
Date of publication, distribution, etc. 2002.
300 ## - PHYSICAL DESCRIPTION
Extent 229 p. ;
Dimensions 23 cm.
500 ## - GENERAL NOTE
General note Hardcover.
520 ## - SUMMARY, ETC.
Summary, etc. This volume goes beyond the theory of team dynamics and project management to present real world applications. The culmination of years of experience and research, the book describes practical techniques for building successful high performance project teams using actual examples from high tech companies. A concise guide for both new and experienced managers, this resource enables the reader to: select the right projects for an organization; reduce the time needed for team development and productive operation; learn motivational and retention strategies for technical project personnel; avoid project management pitfalls; and inject quality into current and future projects. The book examines the typical life cycle of team development and the general mechanics of team and project formation in today's project management setting. It scrutinizes both successes and failures in nurturing and developing a team, offering techniques and suggestions on building better teams in the future.
856 40 - ELECTRONIC LOCATION AND ACCESS
Materials specified Amazon.com
Uniform Resource Identifier <a href="http://www.amazon.com/exec/obidos/ASIN/1580531342/chopaconline-20">http://www.amazon.com/exec/obidos/ASIN/1580531342/chopaconline-20</a>
856 40 - ELECTRONIC LOCATION AND ACCESS
Materials specified Amazon customer reviews
Uniform Resource Identifier <a href="http://www.chopac.org/cgi-bin/tools/azrev.pl?q=1580531342">http://www.chopac.org/cgi-bin/tools/azrev.pl?q=1580531342</a>
942 ## - ADDED ENTRY ELEMENTS (KOHA)
Institution code [OBSOLETE] NBS
Koha item type Book
Call number prefix 658.402 WIL
Holdings
Withdrawn status Lost status Damaged status Not for loan Permanent Location Current Location Date acquired Total Checkouts Full call number Barcode Date last seen Price effective from Koha item type
        Central Library (CL) Central Library (CL) 08/28/2013   658.402 WIL NBS6054 08/28/2013 08/28/2013 Book
© 2023 Central Library, National University of Sciences and Technology. All Rights Reserved.